000
00331pab a2200145 454500
008
180718b1999 xxu||||| |||| 00| 0 eng d
100
_a
Craig, Paul
245
_a
Competing models of judicial review
260
_c
1999
300
_a
p.428-47
362
_a
Autumn
650
_a
Judiciary
773
_a
Public Law
909
_a
42741
999
_c
42741
_d
42741